| 000 | 00743nam a22002057a 4500 | ||
|---|---|---|---|
| 003 | OSt | ||
| 005 | 20260612111115.0 | ||
| 008 | 260612b |||||||| |||| 00| 0 eng d | ||
| 020 | _a978-1-4166-0747-2 | ||
| 040 | _cChuka University Library | ||
| 050 |
_aLB 2822.82 _b.H3 2008 1 |
||
| 100 |
_aHall Pete _928765 |
||
| 245 | _aBuilding Teachers' Capacity for Success: A Collaborative Approach for Coaches an School Leaders | ||
| 260 |
_aAlexandria, Virginia _bAssociation for Supervision and Curriculum Development _c2008 |
||
| 300 | _a196p | ||
| 650 |
_aSchool Improvements Programs United States _928766 |
||
| 650 |
_aTeacher -administrator relationship United States _928767 |
||
| 700 |
_aAlisa Simeral(Author) _928768 |
||
| 942 |
_2lcc _cBK _n0 |
||
| 999 |
_c24080 _d24080 |
||